Statistics for Kim Basinger Movies

Click here to take the quiz!

General Stats

  • This quiz has been taken 128 times
  • The average score is 5 of 12

Answer Stats

DescriptionMovie% Correct
The Caped Crusader must save Gotham City from destructionBatman
100%
Young rapper from Detroit must overcome personal and social obstacles to make it big8 Mile
80%
1950's LAPD cops must unravel a noirish tale of murder, vice, and police corruptionL.A. Confidential
80%
Ageing Scottish super spy must retrieve stolen missiles from a powerful criminal organizationNever Say Never Again
80%
Wall Street broker and art gallery assistant are having a passionate affair9½ Weeks
40%
Young man uses a broken-down cell phone to save a kidnapped womanCellular
40%
Despite the odds, an ageing baseball player succeeds in making a remarkable comeback to fameThe Natural
40%
Innocent ex-con and his wife are on the run from a ruthless mob boss to clear their names and stay aliveThe Getaway
20%
Two lovers can't seem to stay away from each other, despite their repeated attempts to get marriedThe Marrying Man
20%
In 1970s L.A., two mismatched private detectives are tasked with investigating the disappearance of a missing girlThe Nice Guys
20%
Woman must protect her autistic niece from a powerful cult leader and his sinister followersBless the Child
0%
Vengeful cop and beautiful escort girl are handcuffed together and must battle a ruthless Deep South criminalNo Mercy
0%

Score Distribution

Percentile by Number Answered

Percent of People with Each Score

Your Score History

You have not taken this quiz